| 000 | 00636nam a2200229Ia 4500 | ||
|---|---|---|---|
| 003 | OSt | ||
| 005 | 20251105115154.0 | ||
| 008 | 210210b2005 xxu||||| |||| 00| 0 eng d | ||
| 020 | _a8173027331 | ||
| 040 | _cAL | ||
| 041 | _aKannada | ||
| 082 | _aK894.3 VYAH | ||
| 100 |
_aVYASARAYA BALLALA _dವ್ಯಾಸರಾಯ ಬಲ್ಲಾಳ _9244068 |
||
| 245 |
_aHejje gurutu _b ಹೆಜ್ಜೆ ಗುರುತು |
||
| 260 |
_aBengaluru _bNavakaranataka Prakashana _c2005 |
||
| 300 | _a332 | ||
| 650 |
_aHejje _9244069 |
||
| 650 |
_agurutu _9244070 |
||
| 690 |
_aKannada Fiction _9244071 |
||
| 906 | _a061811 | ||
| 942 |
_2ddc _cBK |
||
| 999 |
_c115941 _d115941 |
||